000 01216 a2200265 4500
001 16142
005 20260407155457.0
008 260407a2008 arg spa d
003 AR-UNSa-BCEJYS
040 _aAR-UNSa-BCEJYS
_bspa
_cAR-UNSa-BCEJYS
080 _a657(083)
_xResoluciones Técnicas Contables. Informes
245 1 0 _aResoluciones técnicas 4 a 24
020 _a978-987-01-0826-9
264 1 _aBuenos Aires :
_bErrepar
_c2008
300 _a365 p.
_c28 cm.
505 _aResoluciones e interpretaciones de la FACPCE. -- Marco conceptual contable para la Administración Pública [recomendación técnica (FACPCE) 1/2008]. -- Entes pequeños. Aplicación RT 17 y 18. Normas opcionales transitorias [R. (FACPCE) 360/2007]. -- Adopción RT 24 [R. CD (CPCE Bs. As. cdad.) 34/2008]
041 _aspa
942 _cBK
590 _aniveau_biblio:m niveau_hierar:0
100 1 _aParada, Ricardo Antonio
700 1 _aFederación Argentina de Consejos Profesionales de Ciencias Económicas (FACPCE)
700 1 _aErrecaborde, José Daniel
700 1 _aCañada, Francisco Roberto
856 4 1 _uhttps://biblioeco.unsa.edu.ar/pmb/images/libros/Resoluciones T?cnicas 4 a 24.jpg
_yImagen de portada
_qimage/jpeg
999 _c701
_d701